Things that begin with N - Statistics

General Stats
  • This quiz has been taken 149 times
  • The average score is 10 of 15
Answer Stats
Hint Answer % Correct
11th month of the year November
93%
A short sleep Nap
92%
Similar to a peach Nectarine
87%
A branch of the military Navy
85%
Another word for country Nation
82%
The second half of the bible New Testament
79%
A sea creature resembling a unicorn Narwhal
77%
A dry fruit consisting of an edible kernel enclosed in a woody shell Nut
76%
Last Russian Tsar Nicholas II
63%
A long, thin food usually made of wheat or rice Noodle
63%
Christmas in french Noel
59%
A bomb that can destroy an entire city Nuke
53%
Indigenous group in North America, native to Navajo
48%
Nicknamed the 'Hermit Kingdom" North Korea
26%
Star Wars planet where Darth Sidious is from Naboo
24%
No matching quizzes found
Score Distribution
Percent of People with Each Score
Percentile by Number Answered
Your Score History
You have not taken this quiz